| 000 | 02281cam a22002294a 4500 | ||
|---|---|---|---|
| 005 | 20250605163951.0 | ||
| 008 | 250528s ||||||||||||||||||||||||d | ||
| 035 | _a15380 | ||
| 020 | _a205129196 | ||
| 040 |
_aGR-AtMCL _bgre _dGR-AtMCL _eAACR2 |
||
| 245 | 1 | _aOrganization Theory / A Strategic Approach | |
| 250 | _a4th | ||
| 260 |
_bAddison-Wesley Publishing Company, _c1991 |
||
| 300 | _a740 | ||
| 505 | 0 | _aPreface, Introduction, Organization theory and the Managers, Organizations as a Strategic Systems, Macro-Environmental Components, The Organization's Environmental Scanning and Linage Systems, Strategic Scanning and External Linkages, Information Processing and Organizational Choices, Interorganizational Relationships, The Organization's Internal Environment, Organizational Strategy: Coping with the External Environment, Organizational Effectiveness and Goals, Strategic Organization Design: An Overview of Structure and Process, Patterns of Strategic Organization Design, Organization Size and Complexity, The Role of Technology, Organizational Dynamics, Organizational Culture, Power and Authority and Politics in Organizations, Conflict in Organizations, Strategy Change and Organizational Renaissance, Integrative Cases, Glossary, Name and Subject Index. | |
| 520 | _aPreface, Introduction, Organization theory and the Managers, Organizations as a Strategic Systems, Macro-Environmental Components, The Organization's Environmental Scanning and Linage Systems, Strategic Scanning and External Linkages, Information Processing and Organizational Choices, Interorganizational Relationships, The Organization's Internal Environment, Organizational Strategy: Coping with the External Environment, Organizational Effectiveness and Goals, Strategic Organization Design: An Overview of Structure and Process, Patterns of Strategic Organization Design, Organization Size and Complexity, The Role of Technology, Organizational Dynamics, Organizational Culture, Power and Authority and Politics in Organizations, Conflict in Organizations, Strategy Change and Organizational Renaissance, Integrative Cases, Glossary, Name and Subject Index. | ||
| 700 | 1 |
_aAnthony P. William _91286 |
|
| 700 | 1 |
_aHodge J. B _91287 |
|
| 942 | _cBK | ||
| 999 |
_c965 _d965 |
||